000 00495nam a2200193Ia 4500
008 240510s9999 xx 000 0 und d
020 _a0008120315308
041 _aEng
082 _aE-MCSE 70-073
100 _aSTANTON L. & CROTHERS T.
245 0 _aTEST PREP MCSE : WINDOWS NT WORKSTATION 4
250 _a2nd ed.
260 _bNEW DELHI : PRINTICE HALL :
260 _c1999
300 _a484 p.
650 _aWINDOWS NT : COMPUTER NETWORKS : MCSE
942 _2ddc
942 _cRBK
999 _c26728
_d26728
945 _a1
_bMadushi Gamage
_c1
_dMadushi Gamage